000 00462cam a2200145 4500500
005 20251012011259.0
041 _afre
042 _adc
100 1 0 _aRogé, Antoine
_eauthor
245 0 0 _aMatière à penser / septembre 2014
260 _c2014.
500 _a20
786 0 _nPhilosophie magazine | 82 | 9 | 2014-09-01 | p. 13-13 | 1951-1787
856 4 1 _uhttps://shs.cairn.info/magazine-philosophie-magazine-2014-9-page-13?lang=fr&redirect-ssocas=7080
999 _c1522439
_d1522439